00404nam a2200097Ia 4500008004100000100001900041245012500060245004600185650001300231856006200244170221s9999 xx 000 0 und d aErnest Gyapong aDo Women and Ethnic Minority Directors Influence Firm Value? Evidence from Post-Apartheid South Africa (pages 370–413) cErnest Gyapong, Reza M. Monem and Fang Hu xBusiness uhttp://onlinelibrary.wiley.com/doi/10.1111/jbfa.12175/pdf